000 00266pab a2200109 454500
008 180718b xxu||||| |||| 00| 0 eng d
100 _aBharat, husan
245 _aNeed for smaller states
650 _aFederal State Relations
773 _aIndian Express
909 _a22610
999 _c22610
_d22610